| 000 | 01752cam a22004694i 4500 | ||
|---|---|---|---|
| 003 | PE-LiUPU | ||
| 005 | 20250731173358.0 | ||
| 008 | 150706s2005 ne r 000 0 eng d | ||
| 020 | _a9781589833845 | ||
| 035 | _a(Sirsi) i9781589833845 | ||
| 040 |
_aPE-LiUPU _bspa _cPE-LiUPU _erda |
||
| 049 | _aPRUA | ||
| 082 | 0 | 4 |
_a234.09 015 _bS18 _221 |
| 245 | 0 | 0 |
_aSalvation in the New Testament : _bperspectives on soteriology / _cedited by Jan G. van der Watt. |
| 264 | 1 |
_aLeiden, Boston : _bBrill, _c2005. |
|
| 300 |
_a529 páginas ; _c23 centímetros |
||
| 336 |
_atext _2rdacontent |
||
| 337 |
_aunmediated _2rdamedia |
||
| 338 |
_avolume _2rdacarrier |
||
| 505 | 0 | _aViews on salvation in the gospels and acts -- Pauline and deutero-pauline letters on salvation -- Perspectives on salvation from the general epistles, hebrews, and revelation. | |
| 526 | _aSEG42 | ||
| 526 | _aSEG41 | ||
| 526 | _aSEG40 | ||
| 526 | _aSEG39 | ||
| 526 | _aP94 | ||
| 526 | _aP87 | ||
| 526 | _aP86 | ||
| 526 | _aP85 | ||
| 526 | _aP77 | ||
| 526 | _aP76 | ||
| 526 | _aP35 | ||
| 541 | _g986544; | ||
| 630 | 0 | 4 |
_aBiblia. _pN.T. _xTeología. |
| 650 | 1 | 4 |
_aSalvación _xEnseñanza bíblica. |
| 700 | 1 |
_aVan Der Watt, Jan G., _eeditor. |
|
| 910 |
_agl _bjv _clch _d20110209 |
||
| 942 |
_2ddc _cBOOK |
||
| 949 |
_a234.09 015 S18 _wDEWEY _c1 _i62409 _lCCODEBUL1 _mBUL _p10.00 _r0 _sY _tBOOK _u2015-7-6 _xTEOLOGIA _PP35 _0COMPRA _o.STAFF. Colección General |
||
| 994 |
_aC0 _bPEPRU |
||
| 596 | _a1 | ||
| 999 |
_a234.09 015 S18 _wDEWEY _c51438 _i62409 _f2021-11-10 _g5 _lCCODEBUL1 _mBUL _p10.00 _r0 _sY _tBOOK _u2015-7-6 _xTEOLOGIA _PP35 _0COMPRA _o.STAFF. Colección Teología _d51438 |
||
| 980 |
_81 _gALBERTO SANCHEZ Responsable de Automatización |
||